000 01140cam a2200337 i 4500
001 41719
003 Mx-PuUPA
005 20251006122601.0
008 140415s2001 pe gr 000 0 spa d
017 _a1501132001-1865
020 _a9972937828
040 _cMx-PuUPA
_aMx-PuUPA
_bspa
_dMx-PuUPA
_erda
041 0 _aspa
043 _as-pe---
100 1 _aRoel Pineda, Virgilio,
_d1929-2013
_917554
_eautor
245 1 0 _aCultura peruana e historia de los incas /
_cVirgilio Roel Pineda
250 _aPrimera edición
264 1 _aLima, Perú :
_bFondo de Cultura Económica,
_c2001
300 _a605 páginas ;
_c21 cm
336 _2rdacontent
_atexto
_btxt
337 _2rdamedia
_asin medio
_bn
338 _2rdacarrier
_avolumen
_bnc
650 7 _2armarc
_aCivilización precolombina
_zPerú
650 7 _2armarc
_aIncas
_xHistoria
650 7 _2armarc
_aIndígenas
_zPerú
_xHistoria
651 4 _aPerú
_xHistoria
_yhasta 1522, (Época prehispánica)
942 _2ddc
_cLI
_h985.019
_iR68
999 _c41719
_d41719